[Event "World Corporate East C"]
[Site "Chess.com INT"]
[Date "2021.02.20"]
[Round "4.4"]
[White "Kosteniuk, Oksana"]
[Black "Srija, Seshadri"]
[Result "0-1"]
[WhiteElo "2096"]
[BlackElo "2219"]
[PlyCount "70"]
[EventDate "2021.02.19"]
[EventType "team (rapid)"]
[EventRounds "7"]
[EventCountry "USA"]
[SourceTitle "EXT 2022"]
[Source "ChessBase"]
[SourceDate "2021.10.06"]
[SourceVersion "1"]
[SourceVersionDate "2021.10.06"]
[SourceQuality "1"]
[WhiteTeam "Moscow School of Management Skolkovo"]
[BlackTeam "Tata Consultancy Services Europe"]
[WhiteTeamCountry "RUS"]
[BlackTeamCountry "ENG"]

1. e4 e5 2. Nf3 Nc6 3. Bc4 Nf6 4. Nc3 Bc5 5. d3 d6 6. h3 h6 7. 0-0 Be6 8. Bb3 Qd7 9. Nh2 0-0-0 10. Be3 Nd4 11. Ne2 d5 12. Nxd4 exd4 13. Bf4 dxe4 14. dxe4 Nxe4 15. Bxe6 Qxe6 16. Qd3 g5 17. Rfe1 f5 18. Bd2 Qd5 19. Nf1 Rhf8 20. b4 Bb6 21. a4 a6 22. Red1 g4 23. h4 f4 24. Re1 Rde8 25. c4 Qf5 26. c5 Ba7 27. Qxd4 g3 28. f3 Nxc5 29. Rxe8+ Rxe8 30. Qg7 Ne6+ 31. Be3 Nxg7 32. Bxa7 b6 33. Rc1 Kb7 34. a5 Ne6 35. axb6 cxb6 0-1

[Event "World Corporate East C"]
[Site "Chess.com INT"]
[Date "2021.02.19"]
[Round "2.8"]
[White "Kosteniuk, Oksana"]
[Black "Maugenest, Thibaut"]
[Result "0-1"]
[WhiteElo "2096"]
[BlackElo "1689"]
[PlyCount "84"]
[EventDate "2021.02.19"]
[EventType "team (rapid)"]
[EventRounds "7"]
[EventCountry "USA"]
[SourceTitle "EXT 2022"]
[Source "ChessBase"]
[SourceDate "2021.10.06"]
[SourceVersion "1"]
[SourceVersionDate "2021.10.06"]
[SourceQuality "1"]
[WhiteTeam "Moscow School of Management Skolkovo"]
[BlackTeam "Arcelormittal"]
[WhiteTeamCountry "RUS"]
[BlackTeamCountry "FRA"]

1. Nf3 Nf6 2. g3 g6 3. Bg2 Bg7 4. c3 d5 5. d3 0-0 6. 0-0 c6 7. Bf4 Nbd7 8. Nbd2 Re8 9. e4 dxe4 10. Nxe4 Nxe4 11. dxe4 Qb6 12. Qc2 e5 13. Be3 Qa6 14. Rfd1 Nf6 15. Bf1 Qa5 16. b4 Qc7 17. Bc5 Bg4 18. Bd6 Qc8 19. Be2 Bxf3 20. Bxf3 Qe6 21. c4 Rad8 22. Bc5 b6 23. Be3 h5 24. h4 Ng4 25. Bxg4 Qxg4 26. Kg2 Qe6 27. Rd3 f5 28. f3 f4 29. gxf4 exf4 30. Bxf4 Bxa1 31. Qd1 Rxd3 32. Qxd3 Bf6 33. a3 Rd8 34. Qc2 Bxh4 35. e5 Qf5 36. Qc1 Qd3 37. c5 b5 38. e6 Qe2+ 39. Kh3 Qxf3+ 40. Kh2 Rd3 41. Bd6 Qf2+ 42. Kh1 Rh3+ 0-1

[Event "Moscow Blondes-Brunettes m 10th"]
[Site "Moscow"]
[Date "2020.03.15"]
[Round "4.10"]
[White "Danielian, Elina"]
[Black "Kosteniuk, Oksana"]
[Result "1-0"]
[WhiteElo "2407"]
[BlackElo "2096"]
[PlyCount "63"]
[EventDate "2020.03.15"]
[EventType "schev (blitz)"]
[EventRounds "10"]
[EventCountry "RUS"]
[SourceTitle "EXT 2021"]
[Source "ChessBase"]
[SourceDate "2020.10.23"]
[SourceVersion "1"]
[SourceVersionDate "2020.10.23"]
[SourceQuality "1"]
[WhiteTeam "Blondes"]
[BlackTeam "Brunettes"]
[WhiteTeamCountry "RUS"]
[BlackTeamCountry "RUS"]

1. d4 d5 2. Bf4 c6 3. Nf3 Nf6 4. e3 Bg4 5. c4 e6 6. Nbd2 Nbd7 7. Qb3 dxc4 8. Bxc4 Nb6 9. Bd3 Nfd5 10. Bg3 Bd6 11. a3 0-0 12. Rc1 Bc7 13. 0-0 Qd7 14. Ne5 Bxe5 15. Bxe5 Bh5 16. Ne4 f6 17. Bg3 Bg6 18. Nc5 Qe7 19. e4 Nc7 20. Bxc7 Qxc7 21. Nxe6 Qf7 22. Bc2 Rfe8 23. Nc7 Re7 24. Nxa8 Nxa8 25. Qxf7+ Kxf7 26. Bb3+ Kf8 27. f3 Nc7 28. Rfd1 Nb5 29. d5 cxd5 30. Rc8+ Re8 31. Rxe8+ Kxe8 32. Ba4 1-0

[Event "Moscow Blondes-Brunettes m 10th"]
[Site "Moscow"]
[Date "2020.03.15"]
[Round "5.10"]
[White "Kosteniuk, Oksana"]
[Black "Girya, Olga"]
[Result "0-1"]
[WhiteElo "2096"]
[BlackElo "2469"]
[PlyCount "110"]
[EventDate "2020.03.15"]
[EventType "schev (blitz)"]
[EventRounds "10"]
[EventCountry "RUS"]
[SourceTitle "CBM 195 Extra"]
[Source "ChessBase"]
[SourceDate "2020.05.31"]
[SourceVersion "1"]
[SourceVersionDate "2020.05.31"]
[SourceQuality "1"]
[WhiteTeam "Brunettes"]
[BlackTeam "Blondes"]
[WhiteTeamCountry "RUS"]
[BlackTeamCountry "RUS"]

1. Nf3 d5 2. g3 Bg4 3. Bg2 c6 4. 0-0 Nd7 5. d3 e5 6. h3 Bxf3 7. Bxf3 Ngf6 8. c4 dxc4 9. dxc4 Bc5 10. Nc3 0-0 11. Bg5 h6 12. Bxf6 Nxf6 13. Ne4 Nxe4 14. Bxe4 f5 15. Bg2 Qf6 16. Qb3 Rf7 17. e3 a5 18. a4 e4 19. Rad1 Rd8 20. Rxd8+ Qxd8 21. Rd1 Rd7 22. Rxd7 Qxd7 23. Bf1 b6 24. Kg2 Qd2 25. Qc3 Qxc3 26. bxc3 Kf7 27. g4 Kf6 28. Kg3 Ba3 29. gxf5 Kxf5 30. h4 Bb2 31. Bh3+ Ke5 32. Bd7 Kd6 33. Be8 Bxc3 34. Kf4 Be1 35. Kxe4 Bxf2 36. h5 Kc5 37. Bf7 Kb4 38. Be8 Kxa4 39. Bxc6+ Kb4 40. Bb5 a4 41. Kd3 Kb3 42. e4 a3 43. c5 Bxc5 44. Bc4+ Kb2 45. e5 a2 46. Bxa2 Kxa2 47. Ke4 Kb3 48. Kd5 Kc3 49. e6 Kd3 50. Kc6 Ke4 51. Kd7 Kf5 52. e7 Bxe7 53. Kxe7 b5 54. Kf7 b4 55. Kxg7 Kg5 0-1

[Event "Moscow Blondes-Brunettes m 10th"]
[Site "Moscow"]
[Date "2020.03.15"]
[Round "9.10"]
[White "Kosteniuk, Oksana"]
[Black "Obolentseva, Alexandra"]
[Result "0-1"]
[WhiteElo "2096"]
[BlackElo "2305"]
[PlyCount "101"]
[EventDate "2020.03.15"]
[EventType "schev (blitz)"]
[EventRounds "10"]
[EventCountry "RUS"]
[SourceTitle "CBM 195 Extra"]
[Source "ChessBase"]
[SourceDate "2020.05.31"]
[SourceVersion "1"]
[SourceVersionDate "2020.05.31"]
[SourceQuality "1"]
[WhiteTeam "Brunettes"]
[BlackTeam "Blondes"]
[WhiteTeamCountry "RUS"]
[BlackTeamCountry "RUS"]

1. Nf3 Nf6 2. g3 g6 3. Bg2 Bg7 4. 0-0 c5 5. c4 0-0 6. d3 d6 7. Nc3 Nc6 8. Bg5 Bd7 9. a3 Rb8 10. Qc2 a6 11. Rab1 Nd4 12. Nxd4 cxd4 13. Nd5 Nxd5 14. Bxd5 h6 15. Bd2 b5 16. b4 e6 17. Bg2 bxc4 18. Qxc4 Qb6 19. Rbc1 Rfc8 20. Qa2 Ba4 21. Rc4 d5 22. Rcc1 Qb7 23. Bf4 Rxc1 24. Rxc1 Rc8 25. Qb1 Rc3 26. Qa1 Qc6 27. Bf3 f5 28. Bd2 Rxc1+ 29. Qxc1 Qxc1+ 30. Bxc1 Bc6 31. Kf1 e5 32. Ke1 e4 33. Bg2 Bb5 34. Kd2 h5 35. Kc2 Ba4+ 36. Kb2 Kf7 37. h4 Ke6 38. Bd2 Bc6 39. Kb3 Bb5 40. Bf1 Bd7 41. a4 Be5 42. Bg2 e3 43. fxe3 dxe3 44. Bxe3 Bxg3 45. Bg5 Kd6 46. Kc3 Be1+ 47. Kd4 Bxb4 48. Bxd5 Bxa4 49. Bc4 Bc5+ 50. Kc3 Bb5 51. Bxb5 0-1

[Event "Wch Blitz (Women)"]
[Site "St Petersburg"]
[Date "2018.12.30"]
[Round "11"]
[White "Loskutova, Viktoriya"]
[Black "Kosteniuk, Oksana"]
[Result "1-0"]
[WhiteElo "2105"]
[BlackElo "2096"]
[PlyCount "93"]
[EventDate "2018.12.29"]
[EventType "swiss (blitz)"]
[EventRounds "17"]
[EventCountry "RUS"]
[SourceTitle "CBM 187 Extra"]
[Source "ChessBase"]
[SourceDate "2018.11.04"]
[SourceVersion "1"]
[SourceVersionDate "2018.11.04"]
[SourceQuality "1"]

1. e4 d5 2. exd5 Qxd5 3. Nc3 Qd6 4. Nf3 Nf6 5. d4 c6 6. Ne5 Nbd7 7. f4 Nd5 8. Nxd5 Qxd5 9. c4 Qe4+ 10. Qe2 Qxe2+ 11. Bxe2 Nxe5 12. fxe5 Bf5 13. 0-0 e6 14. Be3 0-0-0 15. a3 a5 16. Rac1 Kc7 17. d5 Bg6 18. d6+ Kd7 19. Bb6 Ra8 20. c5 h5 21. Ra1 Bf5 22. b4 a4 23. b5 g5 24. bxc6+ bxc6 25. Bc4 Bg7 26. Rfe1 Rhb8 27. Ra2 Rb7 28. Rf2 Rbb8 29. h3 Rf8 30. Rb2 Bg6 31. Bc7 f5 32. exf6 Bxf6 33. Bxe6+ Ke8 34. Rb7 Bd4+ 35. Kh1 Rf2 36. Bb6 Bf5 37. Bxf5+ Kf8 38. Bg6 Rf6 39. Bd3 Bc3 40. Rf1 Rxf1+ 41. Bxf1 Bf6 42. Rh7 Kg8 43. Rc7 g4 44. d7 Bd8 45. Rc8 Kf7 46. Rxa8 Ke7 47. Bxd8+ 1-0

[Event "Wch Blitz (Women)"]
[Site "St Petersburg"]
[Date "2018.12.30"]
[Round "16"]
[White "Makarenko, Alexandra"]
[Black "Kosteniuk, Oksana"]
[Result "1-0"]
[WhiteElo "2228"]
[BlackElo "2096"]
[PlyCount "143"]
[EventDate "2018.12.29"]
[EventType "swiss (blitz)"]
[EventRounds "17"]
[EventCountry "RUS"]
[SourceTitle "CBM 187 Extra"]
[Source "ChessBase"]
[SourceDate "2018.11.04"]
[SourceVersion "1"]
[SourceVersionDate "2018.11.04"]
[SourceQuality "1"]

1. e4 d5 2. exd5 Qxd5 3. Nc3 Qd6 4. d4 Nf6 5. Nb5 Qd8 6. c4 c6 7. Nc3 Bf5 8. Nf3 e6 9. g3 Nbd7 10. Bg2 Nb6 11. Qe2 Bb4 12. 0-0 0-0 13. Be3 Qc7 14. Nh4 Bg6 15. Nxg6 hxg6 16. Rfd1 Rfd8 17. Rac1 Bxc3 18. Rxc3 Na4 19. Rcc1 Nb6 20. b3 Rd7 21. Bf4 Qd8 22. Be5 Qe7 23. g4 Rad8 24. c5 Nbd5 25. Bd6 Qe8 26. a3 Ra8 27. b4 a6 28. g5 Nh5 29. Bxd5 exd5 30. Re1 Qxe2 31. Rxe2 f5 32. Be5 f4 33. f3 Kf7 34. a4 Re8 35. Rb1 Ra8 36. Kg2 Re8 37. b5 axb5 38. axb5 Ra8 39. Rbb2 Ra5 40. bxc6 bxc6 41. Rb6 Rda7 42. Rxc6 Ra2 43. Rc7+ Rxc7 44. Rxa2 Rc6 45. Rb2 Ke6 46. Rb8 Kd7 47. h4 Ra6 48. Rb7+ Kd8 49. Rb2 Ng3 50. Bxg7 Nf5 51. Bf6+ Kd7 52. Kh3 Ne3 53. Be5 Nc4 54. Rb7+ Kc8 55. Rc7+ Kd8 56. Rf7 Ne3 57. Rxf4 Nf5 58. h5 Ne7 59. hxg6 Nxg6 60. Rf6 Rxf6 61. Bxf6+ Kd7 62. Kg4 Ke6 63. f4 Nf8 64. f5+ Kf7 65. Be5 Nd7 66. g6+ Kg8 67. c6 Nb6 68. c7 Nc8 69. f6 Nb6 70. f7+ Kf8 71. Bd6+ Kg7 72. f8Q+ 1-0

[Event "Wch Blitz (Women)"]
[Site "St Petersburg"]
[Date "2018.12.30"]
[Round "14"]
[White "Stetsko, Lanita"]
[Black "Kosteniuk, Oksana"]
[Result "1/2-1/2"]
[WhiteElo "2194"]
[BlackElo "2096"]
[PlyCount "115"]
[EventDate "2018.12.29"]
[EventType "swiss (blitz)"]
[EventRounds "17"]
[EventCountry "RUS"]
[SourceTitle "CBM 187 Extra"]
[Source "ChessBase"]
[SourceDate "2018.11.04"]
[SourceVersion "1"]
[SourceVersionDate "2018.11.04"]
[SourceQuality "1"]

1. e4 d5 2. exd5 Qxd5 3. Nc3 Qd6 4. d4 Nf6 5. Nf3 c6 6. g3 Bg4 7. Bg2 e6 8. h3 Bh5 9. g4 Bg6 10. Ne5 Nbd7 11. Nxg6 hxg6 12. Be3 Nb6 13. Qe2 Be7 14. 0-0-0 0-0-0 15. Qf3 Nbd5 16. Nxd5 exd5 17. g5 Ne4 18. h4 f5 19. gxf6 gxf6 20. Qg4+ Qd7 21. Bxe4 dxe4 22. Qxg6 f5 23. h5 Rdg8 24. Qf7 Rf8 25. Qc4 f4 26. Bd2 Bg5 27. Bb4 Rf5 28. Kb1 Qd5 29. Qc3 Bh6 30. Bc5 b6 31. Bb4 Kb7 32. Qb3 Qxb3 33. axb3 a5 34. Bc3 Rd5 35. Rde1 e3 36. fxe3 fxe3 37. Re2 Bf4 38. Rf1 Bg5 39. Rf7+ Kc8 40. Kc1 Rxh5 41. Kd1 Rh1+ 42. Re1 Rxe1+ 43. Kxe1 Rd7 44. Rxd7 Kxd7 45. Ke2 Ke6 46. Be1 Kd5 47. c3 c5 48. dxc5 Kxc5 49. Bg3 b5 50. Be5 a4 51. bxa4 bxa4 52. Bd4+ Kc4 53. Be5 Kb3 54. c4 Kxc4 55. Bg7 Kb3 56. Bh8 a3 57. bxa3 Kxa3 58. Bd4 1/2-1/2

[Event "Wch Blitz (Women)"]
[Site "St Petersburg"]
[Date "2018.12.29"]
[Round "3"]
[White "Goltseva, Ekaterina"]
[Black "Kosteniuk, Oksana"]
[Result "1-0"]
[WhiteElo "2153"]
[BlackElo "2096"]
[PlyCount "115"]
[EventDate "2018.12.29"]
[EventType "swiss (blitz)"]
[EventRounds "17"]
[EventCountry "RUS"]
[SourceTitle "CBM 187 Extra"]
[Source "ChessBase"]
[SourceDate "2018.11.04"]
[SourceVersion "1"]
[SourceVersionDate "2018.11.04"]
[SourceQuality "1"]

1. d4 d5 2. c4 c6 3. cxd5 cxd5 4. Bf4 Nc6 5. e3 Nf6 6. Nc3 a6 7. Be2 Bf5 8. g4 Bg6 9. h4 h6 10. Qb3 Qd7 11. Na4 Na5 12. Qd1 Rd8 13. Nc5 Qc6 14. Rc1 Qb6 15. Qa4+ Nc6 16. Nxb7 Qxb7 17. Bxa6 Qb4+ 18. Qxb4 Nxb4 19. Bb5+ Nd7 20. Rc7 Nd3+ 21. Ke2 Nxb2 22. Nf3 f6 23. Rhc1 e6 24. h5 Be4 25. Nd2 Bh7 26. Rxd7 Rxd7 27. Rc7 Bd3+ 28. Bxd3 Rxc7 29. Bxc7 Kd7 30. Ba5 Kc6 31. Bc2 Bd6 32. Bc3 Nc4 33. Nxc4 dxc4 34. e4 e5 35. d5+ Kb5 36. a4+ Ka6 37. Ke3 Rb8 38. f3 Bc5+ 39. Kd2 Bb4 40. Bd1 Ka5 41. Be2 Kxa4 42. Bxc4 Rc8 43. Bxb4 Kxb4 44. Ba6 Ra8 45. Bb7 Ra7 46. Bc6 Kc5 47. Ke3 Ra3+ 48. Ke2 Ra2+ 49. Ke3 Ra3+ 50. Ke2 Rc3 51. Bb7 Rc1 52. Ba6 Ra1 53. Bd3 Ra2+ 54. Ke3 Ra3 55. Ke2 Rb3 56. Ba6 Rb6 57. Bc8 Kd4 58. Be6 1-0

[Event "Wch Blitz (Women)"]
[Site "St Petersburg"]
[Date "2018.12.29"]
[Round "4"]
[White "Kosteniuk, Oksana"]
[Black "Iljushina, Olga"]
[Result "0-1"]
[WhiteElo "2096"]
[BlackElo "2259"]
[PlyCount "72"]
[EventDate "2018.12.29"]
[EventType "swiss (blitz)"]
[EventRounds "17"]
[EventCountry "RUS"]
[SourceTitle "CBM 187 Extra"]
[Source "ChessBase"]
[SourceDate "2018.11.04"]
[SourceVersion "1"]
[SourceVersionDate "2018.11.04"]
[SourceQuality "1"]

1. Nf3 c5 2. g3 Nc6 3. Bg2 e5 4. d3 g6 5. e4 Bg7 6. c3 Nge7 7. Be3 d6 8. Nbd2 0-0 9. 0-0 h6 10. Nc4 f5 11. Qc1 Kh7 12. a4 Be6 13. Na3 a6 14. Ne1 Rb8 15. Nec2 b5 16. axb5 axb5 17. Nb1 Qd7 18. f4 b4 19. Nd2 bxc3 20. bxc3 exf4 21. Bxf4 Bxc3 22. Ra6 Bg7 23. exf5 Bxf5 24. Ne4 Bxe4 25. Bxe4 Nd4 26. Nxd4 Bxd4+ 27. Kg2 Rb2+ 28. Kh1 Qh3 29. g4 Be3 30. Qxe3 Qxf1+ 31. Qg1 Qxf4 32. Rxd6 Qxd6 33. d4 Rff2 34. Bg2 Rxg2 35. Qxg2 Rxg2 36. Kxg2 Qxd4 0-1

[Event "Wch Blitz (Women)"]
[Site "St Petersburg"]
[Date "2018.12.29"]
[Round "6"]
[White "Kosteniuk, Oksana"]
[Black "Sviridova, Vlada"]
[Result "1/2-1/2"]
[WhiteElo "2096"]
[BlackElo "2144"]
[PlyCount "103"]
[EventDate "2018.12.29"]
[EventType "swiss (blitz)"]
[EventRounds "17"]
[EventCountry "RUS"]
[SourceTitle "CBM 187 Extra"]
[Source "ChessBase"]
[SourceDate "2018.11.04"]
[SourceVersion "1"]
[SourceVersionDate "2018.11.04"]
[SourceQuality "1"]

1. Nf3 d5 2. g3 Nf6 3. Bg2 c6 4. d3 Bf5 5. Nbd2 e6 6. 0-0 h6 7. c3 Be7 8. Re1 0-0 9. a3 a5 10. Ne5 Nbd7 11. Nxd7 Nxd7 12. e4 Bh7 13. Qg4 Nf6 14. Qe2 dxe4 15. Nxe4 Nxe4 16. dxe4 e5 17. Qg4 Kh8 18. Rd1 Qb6 19. Rd7 Bc5 20. Qe2 Rad8 21. Rxd8 Rxd8 22. b4 Be7 23. Be3 Qc7 24. Rd1 axb4 25. axb4 b5 26. Rd2 f6 27. Qd1 Bg8 28. Rxd8 Bxd8 29. Bh3 Be7 30. Qd7 Qd6 31. Qxd6 Bxd6 32. Bd7 Bc4 33. Bxc6 g5 34. Bc5 Bc7 35. Kg2 Kg7 36. Kf3 h5 37. Be8 g4+ 38. Ke3 Kh6 39. Be7 Kg5 40. Bd7 Bb6+ 41. Bc5 Bc7 42. h3 gxh3 43. Bxh3 h4 44. gxh4+ Kxh4 45. Bd7 Kg5 46. Be7 Bb6+ 47. Bc5 Bc7 48. Be7 Bb6+ 49. Bc5 Bd8 50. f3 Bc7 51. Be7 Bb6+ 52. Bc5 1/2-1/2

[Event "Wch Blitz (Women)"]
[Site "St Petersburg"]
[Date "2018.12.29"]
[Round "1"]
[White "Mammadzada, Gunay Vuqar Qizi"]
[Black "Kosteniuk, Oksana"]
[Result "1-0"]
[WhiteElo "2422"]
[BlackElo "2096"]
[PlyCount "43"]
[EventDate "2018.12.29"]
[EventType "swiss (blitz)"]
[EventRounds "17"]
[EventCountry "RUS"]
[SourceTitle "CBM 187 Extra"]
[Source "ChessBase"]
[SourceDate "2018.11.04"]
[SourceVersion "1"]
[SourceVersionDate "2018.11.04"]
[SourceQuality "1"]

1. e4 d5 2. exd5 Qxd5 3. Nc3 Qd6 4. d4 Nf6 5. Nf3 Nc6 6. g3 Bg4 7. Bg2 e6 8. 0-0 a6 9. Be3 Be7 10. h3 Bh5 11. Qe2 0-0 12. Rad1 Nd5 13. Ne4 Qd8 14. c4 Nxe3 15. Qxe3 Bg6 16. Rfe1 f5 17. Neg5 Bxg5 18. Nxg5 Re8 19. Nxe6 Qf6 20. Qf4 Rxe6 21. Rxe6 Qxe6 22. Bd5 1-0

[Event "Wch Rapid (Women)"]
[Site "St Petersburg"]
[Date "2018.12.28"]
[Round "10"]
[White "Bulatova, Kamaliya"]
[Black "Kosteniuk, Oksana"]
[Result "1-0"]
[WhiteElo "2007"]
[BlackElo "2096"]
[PlyCount "71"]
[EventDate "2018.12.26"]
[EventType "swiss (rapid)"]
[EventRounds "12"]
[EventCountry "RUS"]
[SourceTitle "CBM 187 Extra"]
[Source "ChessBase"]
[SourceDate "2018.11.04"]
[SourceVersion "1"]
[SourceVersionDate "2018.11.04"]
[SourceQuality "1"]

1. d4 d5 2. Bf4 Nf6 3. e3 Bf5 4. c4 e6 5. Nc3 c6 6. Qb3 Qc8 7. Nf3 Nbd7 8. Rc1 dxc4 9. Bxc4 Nb6 10. Be2 Qd7 11. Ne5 Qd8 12. Bf3 Rc8 13. e4 Bg6 14. Be3 Bd6 15. Nxg6 hxg6 16. e5 Bc7 17. exf6 Qxf6 18. Ne4 Qf5 19. h3 a5 20. Qa3 Rd8 21. Bg5 f6 22. Be3 Nd5 23. Nc5 b5 24. Be4 Qh5 25. Nxe6 Bd6 26. Nxg7+ Kf7 27. Nxh5 Bxa3 28. bxa3 Rxh5 29. Rxc6 b4 30. 0-0 bxa3 31. Rb1 Nb4 32. Rc7+ Ke6 33. Bxg6 Rh4 34. g3 Rhh8 35. Bf7+ Kd6 36. Bf4# 1-0

[Event "Wch Rapid (Women)"]
[Site "St Petersburg"]
[Date "2018.12.28"]
[Round "9"]
[White "Kosteniuk, Oksana"]
[Black "Bezgodova, Svetlana"]
[Result "0-1"]
[WhiteElo "2096"]
[BlackElo "2046"]
[PlyCount "102"]
[EventDate "2018.12.26"]
[EventType "swiss (rapid)"]
[EventRounds "12"]
[EventCountry "RUS"]
[SourceTitle "CBM 187 Extra"]
[Source "ChessBase"]
[SourceDate "2018.11.04"]
[SourceVersion "1"]
[SourceVersionDate "2018.11.04"]
[SourceQuality "1"]

1. e4 c5 2. Nf3 d6 3. d4 cxd4 4. Nxd4 Nf6 5. Nc3 g6 6. Be3 Bg7 7. Be2 0-0 8. 0-0 b6 9. f4 a6 10. Bf3 Ra7 11. e5 dxe5 12. fxe5 Ne8 13. Nc6 Nxc6 14. Bxc6 Qc7 15. Qf3 Be6 16. Nd5 Bxd5 17. Bxd5 e6 18. Bb3 Bxe5 19. Bxe6 Ng7 20. Bb3 Bxh2+ 21. Kh1 Nf5 22. Rfd1 Be5 23. c3 Qb7 24. Bd5 Qb8 25. Bf2 Bg3 26. Bd4 Nxd4 27. Rxd4 Re7 28. Re4 Rxe4 29. Qxe4 Re8 30. Qf3 Qf4 31. Qxf4 Bxf4 32. Rf1 g5 33. g3 Rd8 34. Bxf7+ Kxf7 35. gxf4 g4 36. Rf2 h5 37. Rg2 Kf6 38. Kh2 Rd3 39. Re2 h4 40. c4 Kf5 41. b3 a5 42. c5 bxc5 43. Rc2 Kxf4 44. Rxc5 Rd2+ 45. Kg1 Rxa2 46. Rc4+ Kf3 47. Rc3+ Ke2 48. Rc4 g3 49. Kg2 Kd3+ 50. Kh3 Rh2+ 51. Kg4 g2 0-1

[Event "Wch Rapid (Women)"]
[Site "St Petersburg"]
[Date "2018.12.27"]
[Round "5"]
[White "Kosteniuk, Oksana"]
[Black "Loskutova, Viktoriya"]
[Result "0-1"]
[WhiteElo "2096"]
[BlackElo "2105"]
[PlyCount "118"]
[EventDate "2018.12.26"]
[EventType "swiss (rapid)"]
[EventRounds "12"]
[EventCountry "RUS"]
[SourceTitle "CBM 187 Extra"]
[Source "ChessBase"]
[SourceDate "2018.11.04"]
[SourceVersion "1"]
[SourceVersionDate "2018.11.04"]
[SourceQuality "1"]

1. Nf3 d5 2. g3 c6 3. Bg2 Bg4 4. d3 Nf6 5. 0-0 Nbd7 6. b3 e6 7. Bb2 Bd6 8. Nbd2 0-0 9. e4 e5 10. h3 Bh5 11. Re1 Re8 12. Qe2 dxe4 13. Nxe4 Nxe4 14. dxe4 Nc5 15. Rad1 Qc7 16. g4 Bg6 17. Nh4 Ne6 18. Nf5 Bc5 19. Qc4 b5 20. Qc3 Bxf5 21. exf5 Bd4 22. Qxc6 Bxb2 23. fxe6 Qc8 24. exf7+ Kxf7 25. Rd7+ Kg8 26. Qxb5 Rb8 27. Qd5+ Kh8 28. Qf7 e4 29. c4 Rf8 30. Qd5 Qa6 31. Bxe4 Qf6 32. Re2 Rbe8 33. Rc2 Qf4 34. Rxb2 Qc1+ 35. Qd1 Qxb2 36. f3 Qe5 37. Kg2 Qg5 38. Qd4 a5 39. Rd5 Qf4 40. Rxa5 Rxe4 41. Qxe4 Qd2+ 42. Kg3 Qxa5 43. a4 Qc7+ 44. Kg2 Qb8 45. Qd3 Rd8 46. Qe3 Qb4 47. c5 Rc8 48. c6 Qd6 49. b4 Qxc6 50. b5 Qc2+ 51. Kg3 Qxa4 52. b6 Qc6 53. Qb3 Rb8 54. Qf7 Qxb6 55. Qe7 Rc8 56. Qe4 Qc6 57. Qe2 Qc2 58. Qe6 Qc1 59. Qd7 Qc7+ 0-1

[Event "Wch Rapid (Women)"]
[Site "St Petersburg"]
[Date "2018.12.26"]
[Round "4"]
[White "Afonasieva, Anna"]
[Black "Kosteniuk, Oksana"]
[Result "1-0"]
[WhiteElo "2207"]
[BlackElo "2096"]
[PlyCount "99"]
[EventDate "2018.12.26"]
[EventType "swiss (rapid)"]
[EventRounds "12"]
[EventCountry "RUS"]
[SourceTitle "CBM 187 Extra"]
[Source "ChessBase"]
[SourceDate "2018.11.04"]
[SourceVersion "1"]
[SourceVersionDate "2018.11.04"]
[SourceQuality "1"]

1. d4 d5 2. Nf3 c6 3. c4 Nf6 4. Nc3 e6 5. e3 Nbd7 6. Bd3 Bb4 7. 0-0 0-0 8. Qc2 h6 9. a3 dxc4 10. Bxc4 Bxc3 11. Qxc3 b5 12. Bd3 Bb7 13. b4 Nb6 14. e4 Na4 15. Qc2 Rc8 16. Be3 a5 17. Qd2 axb4 18. axb4 Ng4 19. Bf4 g5 20. Nxg5 hxg5 21. Bxg5 Qxd4 22. e5 f5 23. exf6 Qe5 24. g3 Nxf6 25. Rae1 Qd5 26. Bh6 c5 27. f3 Rfd8 28. Rxe6 Kf7 29. Rxf6+ Kxf6 30. Qf4+ Ke6 31. Re1+ Kd7 32. Bf5+ Kc6 33. Be4 Kb6 34. Bxd5 Rxd5 35. bxc5+ Rdxc5 36. Qd6+ R8c6 37. Qd8+ Ka6 38. Be3 Rc8 39. Qd6+ R5c6 40. Qd4 Ra8 41. Ra1 Bc8 42. h4 Kb7 43. h5 Raa6 44. h6 Bf5 45. Qg7+ Rc7 46. Qe5 Bh7 47. Qxb5+ Rb6 48. Bxb6 Nxb6 49. Qa6+ Kc6 50. Rc1+ 1-0

[Event "BCF-chT 0304 (4NCL)"]
[Site "West Bromwich"]
[Date "2004.01.17"]
[Round "3.8"]
[White "Gilbert, Jessie"]
[Black "Kosteniuk, Oksana"]
[Result "1-0"]
[WhiteElo "2122"]
[BlackElo "2113"]
[PlyCount "55"]
[EventDate "2003.10.18"]
[EventType "team"]
[EventRounds "11"]
[EventCountry "ENG"]
[SourceTitle "EXT 2005"]
[Source "ChessBase"]
[SourceDate "2004.11.15"]
[SourceVersion "1"]
[SourceVersionDate "2004.11.15"]
[SourceQuality "1"]
[WhiteTeam "Wood Green II"]
[BlackTeam "Numerica 3CS"]
[WhiteTeamCountry "ENG"]
[BlackTeamCountry "ENG"]

1. d4 d5 2. c4 c6 3. cxd5 cxd5 4. Bf4 Qb6 5. Qd2 Nf6 6. Nc3 Bf5 7. e3 e6 8. f3 Bb4 9. Nge2 Nc6 10. g4 Bg6 11. Kf2 Rc8 12. Rc1 Qd8 13. h4 h6 14. Bg3 Nd7 15. Nf4 Bh7 16. Bd3 Bxd3 17. Nxd3 Bxc3 18. Rxc3 0-0 19. Rhc1 Nb6 20. b3 Qe7 21. a4 f5 22. Kg2 fxg4 23. fxg4 Qf6 24. Qe2 Ra8 25. Nc5 Qe7 26. Nxb7 Nxd4 27. exd4 Qxb7 28. Rc7 1-0

[Event "BCF-chT 0304 (4NCL)"]
[Site "West Bromwich"]
[Date "2003.10.19"]
[Round "2.8"]
[White "Kosteniuk, Oksana"]
[Black "Wilson, Alexandra"]
[Result "0-1"]
[WhiteElo "2035"]
[BlackElo "2025"]
[PlyCount "90"]
[EventDate "2003.10.18"]
[EventType "team"]
[EventRounds "11"]
[EventCountry "ENG"]
[SourceTitle "EXT 2005"]
[Source "ChessBase"]
[SourceDate "2004.11.15"]
[SourceVersion "1"]
[SourceVersionDate "2004.11.15"]
[SourceQuality "1"]
[WhiteTeam "Numerica 3CS"]
[BlackTeam "Richmond"]
[WhiteTeamCountry "ENG"]
[BlackTeamCountry "ENG"]

1. e4 c5 2. Nf3 Nc6 3. d4 cxd4 4. Nxd4 Nf6 5. Nc3 e5 6. Ndb5 d6 7. Bg5 a6 8. Na3 b5 9. Nd5 Be7 10. Bxf6 Bxf6 11. c3 0-0 12. Nc2 Rb8 13. g3 Be7 14. Nce3 Be6 15. Bg2 Qd7 16. 0-0 b4 17. Qa4 Rfc8 18. Qxa6 Qb7 19. Qd3 bxc3 20. bxc3 Bf8 21. a4 Na5 22. Rfb1 Qa7 23. Rb4 Nb3 24. Rb1 Nc5 25. Qc2 Na6 26. Rxb8 Rxb8 27. Rxb8 Qxb8 28. Bf1 Nc5 29. Bb5 Qa7 30. Kg2 Be7 31. c4 Bg5 32. Nd1 Qb7 33. N1c3 Qc8 34. h4 Bd8 35. Qd1 Bh3+ 36. Kh2 Bg4 37. f3 Be6 38. Ne3 Be7 39. Na2 Qd8 40. Nb4 Bd7 41. Nd3 Ne6 42. Bxd7 Qxd7 43. Nxe5 Qa7 44. N5g4 h5 45. c5 hxg4 0-1